000 00437nam a2200181Ia 4500
001 4144
005 20260306145734.0
008 260306t1996||||xx |||||||||||||| ||spa||
041 _aESP
082 _a306.850973
_bB28
100 _aBauer, Gary L.
_eAUT
245 0 _aOur hopes our dreams:
_ba vision for America
260 _c1996
300 _a164 páginas :
_c18 cm.
650 _aGEN
654 _aCED
942 _cLIB
_dJUS
_fJUS
_2ddc
_n
999 _c4144
_d4144